Samajik gavesana aru iar kaushal pranali (Record no. 8373)

MARC details
000 -LEADER
fixed length control field 00594cam a2200229ua 4500
001 - CONTROL NUMBER
control field 9318
005 - DATE AND TIME OF LATEST TRANSACTION
control field 20260515114443.0
008 - FIXED-LENGTH DATA ELEMENTS--GENERAL INFORMATION
fixed length control field 150620n ii |||gr||||Z||||||asm
020 ## - INTERNATIONAL STANDARD BOOK NUMBER
International Standard Book Number 8173392439
040 ## - CATALOGING SOURCE
Transcribing agency MAIN
041 ## - LANGUAGE CODE
Language code of text/sound track or separate title asm
082 ## - DEWEY DECIMAL CLASSIFICATION NUMBER
Classification number 301.072
100 ## - MAIN ENTRY--PERSONAL NAME
Personal name Ahmed, Giyashuddin,
Relator term Author.
245 1# - TITLE STATEMENT
Title Samajik gavesana aru iar kaushal pranali
Statement of responsibility, etc. by Giyashuddin Ahmed
250 ## - EDITION STATEMENT
Edition statement New ed.
260 ## - PUBLICATION, DISTRIBUTION, ETC.
Place of publication, distribution, etc. Dibrugarh:
Name of publisher, distributor, etc. Banalata,
Date of publication, distribution, etc. 2013.
300 ## - PHYSICAL DESCRIPTION
Extent 223p.
653 ## - INDEX TERM--UNCONTROLLED
Uncontrolled term Sociology & anthropology
653 ## - INDEX TERM--UNCONTROLLED
Uncontrolled term Social research
700 ## - ADDED ENTRY--PERSONAL NAME
Personal name Borgohain, Himanta,
Relator term Author.
942 ## - ADDED ENTRY ELEMENTS (KOHA)
Koha item type Books
Holdings
Withdrawn status Lost status Damaged status Not for loan Home library Current library Shelving location Date acquired Total checkouts Full call number Barcode Date last seen Date last checked out Copy number Price effective from Koha item type
        Naharkatiya College Library Naharkatiya College Library General stacks 09/19/2020 7 301.072 | AHM 22366 03/06/2023 02/20/2023 1 09/19/2020 Books